000 00667nam a2200277Ia 4500
005 20260324134411.0
008 008 260324s9999 xx 000 0 eng d
020 _a9780203996898
037 _aEBOOK
040 _aCRL
040 _beng
040 _cCRL
041 _2eng
041 _aeng
084 _qCRL
100 _aJohn Greenwood; Robert Pyper; David Wilson
_91196670
245 0 _aNew Public Administration in Britain
260 _bTaylor and Francis
260 _c2002
365 _a
365 _b300
856 _uhttp://www.taylorfrancis.com/books/9780203996898
942 _cEBOOK
999 _c1796736
_d1796736